Statistics for Family Guy Trivia #1

Click here to take the quiz!

General Stats

  • This quiz has been taken 100,290 times
    (66,856 since last reset)
  • The average score is 13 of 18

Answer Stats

QuestionAnswer% Correct
What bar does Peter frequent?The Drunken Clam
93%
What is Quagmire's catch-phrase?Giggity
89%
What lives in Chris's closet?An Evil Monkey
88%
What is Quagmire's profession?Pilot
87%
And, specifically, what city?Quahog
86%
Who was, originally, the mayor of the town?Adam West
83%
What kind of business does Mort Goldman own?Pharmacy
80%
What is unusual about Jake Tucker's face?It's Upside Down
80%
What is the name of Stewie's teddy bear?Rupert
78%
What state does the show take place in?Rhode Island
77%
What animal do some high schoolers lick to get high?Toad
77%
What is the name of Joe's wife?Bonnie
70%
Who created the show?Seth MacFarlane
69%
What kind of car does Brian drive?Toyota Prius
67%
What actor was the high school originally named after?James Woods
65%
What is the name of Cleveland's wife?Loretta
61%
What brand of beer does Peter drink?Pawtucket Patriot
56%
Who was Peter's original boss at the toy factory?Mr. Weed
34%

Score Distribution

Percentile by Number Answered

Percent of People with Each Score

Your Score History

You have not taken this quiz since the last reset